The comparison of rural tourism in Asturias and Southern Transdanubia

Bibliográfiai részletek
Szerző: Kőnig Tamara
További közreműködők: Talabos István
Dokumentumtípus: Diplomadolgozat
Kulcsszavak:Asturias
Southern Trasdanubia
Rural tourism
Online Access:http://dolgozattar.uni-bge.hu/14966

MARC

LEADER 00000nta a2200000 i 4500
001 dolg14966
005 20181008155934.0
008 180425suuuu hu om 000 eng d
040 |a BGE Dolgozattár Repozitórium  |b hun 
041 |a en 
100 1 |a Kőnig Tamara 
245 1 4 |a The comparison of rural tourism in Asturias and Southern Transdanubia  |c Kőnig Tamara  |h [elektronikus dokumentum] 
695 |a Asturias 
695 |a Southern Trasdanubia 
695 |a Rural tourism 
700 1 |a Talabos István  |e ths 
856 4 0 |u http://dolgozattar.uni-bge.hu/14966/1/The%20comparison%20of%20rural%20tourism%20in%20Asturias%20and%20Southern%20Trasdanubia_Tamara%20K%C5%91nig.pdf  |z Dokumentum-elérés